Invités de “Qui est l’imposteur ?” de Squeezie - Mort subite - Statistiques

Statistiques générales
  • Ce quiz a été pris 253 fois
  • Le résultat moyen est 14 sur 20
Answers on the Grid
Answers color-coded by a green-red scale on the quiz's grid according to % correct below.
Jamel Debbouze
Orelsan
David Guetta
Pierre Niney
Gad Elmaleh
Omar Sy
Jonathan Cohen
Alain Chabat
Greg Guillotin
Marion Cottillard
Adèle Exarchopoulos
Charles Leclerc
Adèle Castillon
HugoDécrypte
SCH
Alexandre Astier
Thomas Pesquet
Kyan Khojandi
Clara Luciani
DJ Snake
Freddy Gladieux
Jean Dujardin
Alison Wheeler
Vald
Roman Frayssinet
Florent Manaudou
Laura Felpin
Julien Doré
Mister V
Jérôme Commandeur
 
Statistiques - réponses
Réponse % Correct
Jonathan Cohen
86%
Orelsan
86%
Pierre Niney
86%
Marion Cottillard
84%
Adèle Exarchopoulos
78%
Alain Chabat
77%
Jamel Debbouze
77%
Charles Leclerc
75%
SCH
72%
Omar Sy
68%
Clara Luciani
67%
DJ Snake
66%
Mister V
64%
Laura Felpin
61%
Alexandre Astier
59%
Jérôme Commandeur
57%
Vald
55%
Alison Wheeler
53%
Roman Frayssinet
49%
Kyan Khojandi
48%
Aucun quiz correspondant
Distribution des résultats
% des personnes avec chaque résultat
Percentile par nombre de réponses
Votre historique - résultats
Vous n’avez pas pris ce quiz